Antonym Quiz - Statistics

General Stats
  • This quiz has been taken 24 times
  • The average score is 9 of 15
Answer Stats
word antonym % Correct
advantages disadvantages
96%
cheap expensive
83%
inferior superior
79%
sick healthy
75%
crooked straight
75%
poverty wealth
75%
gentle rough
71%
defence attack
58%
clockwise counterclockwise
58%
give receive
38%
compulsory voluntary
38%
expand contract
33%
accept decline
33%
boundless limited
29%
combine seperate
13%
No matching quizzes found
Score Distribution
Percent of People with Each Score
Percentile by Number Answered
Your Score History
You have not taken this quiz